书目信息 |
| 题名: |
图说中国建筑艺术
|
|
| 作者: | 吕洪波 编著 | |
| 分册: | ||
| 出版信息: | 北京 中国书籍出版社 2018.01 |
|
| 页数: | 276页 | |
| 开本: | 24cm | |
| 丛书名: | ||
| 单 册: | ||
| 中图分类: | TU-862 | |
| 科图分类: | ||
| 主题词: | 建筑艺术--中国--普及读物 | |
| 电子资源: | ||
| ISBN: | 978-7-5068-6633-0 | |
| 000 | 00803nam0 2200241 450 | |
| 001 | 4805 | |
| 005 | 20181015083540.89 | |
| 010 | @a978-7-5068-6633-0@dCNY78.00 | |
| 100 | @a20180819d2018 em y0chiy50 ea | |
| 101 | 0 | @achi |
| 102 | @aCN@b110000 | |
| 105 | @aa z 000yy | |
| 200 | 1 | @a图说中国建筑艺术@9tu shuo zhong guo jian zhu yi shu@f吕洪波[等]编著 |
| 210 | @a北京@c中国书籍出版社@d2018.01 | |
| 215 | @a276页@d24cm | |
| 300 | @a美的旅程 | |
| 304 | @a编著者还有:于红坤、马先杰、阎玉芳 | |
| 330 | @a本书共7部分,主要内容包括:原始社会至先秦建筑;秦汉建筑;魏晋南北朝建筑;隋唐建筑;宋辽夏金元建筑;明清建筑;近现代建筑等。 | |
| 606 | 0 | @a建筑艺术@y中国@j普及读物 |
| 690 | @aTU-862@v5 | |
| 701 | 0 | @a吕洪波@9lv hong bo@4编著 |
| 801 | 0 | @aCN@b91MARC@c20180819 |
| 905 | @aMuseLib@dTU-862@e205 | |
| 图说中国建筑艺术/吕洪波[等]编著.-北京:中国书籍出版社,2018.01 |
| 276页;24cm |
| 美的旅程 |
| ISBN 978-7-5068-6633-0:CNY78.00 |
| 本书共7部分,主要内容包括:原始社会至先秦建筑;秦汉建筑;魏晋南北朝建筑;隋唐建筑;宋辽夏金元建筑;明清建筑;近现代建筑等。 |
| ● |
| 相关链接 |
|
|
|
|
正题名:图说中国建筑艺术
索取号:TU-862/205
 
预约/预借
| 序号 | 登录号 | 条形码 | 馆藏地/架位号 | 状态 | 备注 |
| 1 | 1126729 | 211267298 | 第二样本阅览室/ [索取号:TU-862/205] | 在馆 | |
| 2 | 1126730 | 211267305 | 第三借阅区/ [索取号:TU-862/205] | 在馆 | |
| 3 | 1126731 | 211267314 | 第三借阅区/ [索取号:TU-862/205] | 在馆 | |
| 4 | 1126732 | 211267323 | 第三借阅区/ [索取号:TU-862/205] | 在馆 | |
| 5 | 1126733 | 211267332 | 密集书库-资源管理系/ [索取号:TU-862/205] | 在馆 |